[Event "Week's Tournament Elo 1799- (WT1)"]
[Site "Biel, CH"]
[Date "2025.07.25"]
[Round "5"]
[White "Belmadani, Naim"]
[Black "Zarri, Philippe"]
[Result "1-0"]
[Board "12"]
[WhiteFideId "1354302"]
[BlackFideId "1319590"]
[WhiteElo "1750"]
[BlackElo "1576"]
[WhiteTeam "SUI"]
[BlackTeam "SUI"]
[WhiteClock "0:04:03"]
[BlackClock "0:03:41"]
[Variant "Standard"]

1. Nf3 {[%clk 1:00:56]}  d5 {[%clk 1:00:42]} 2. c4 {[%clk 1:01:22]}  c6 {[%clk 1:00:58]} 3. b3 {[%clk 1:01:38]}  Bf5 {[%clk 1:01:01]} 4. Bb2 {[%clk 1:00:30]}  e6 {[%clk 1:00:49]} 5. e3 {[%clk 0:59:29]}  Nf6 {[%clk 0:57:33]} 6. Nh4 {[%clk 0:56:34]}  Bg6 {[%clk 0:57:56]} 7. Nxg6 {[%clk 0:58:19]}  hxg6 {[%clk 0:58:10]} 8. h3 {[%clk 0:56:12]}  Nbd7 {[%clk 0:58:01]} 9. Be2 {[%clk 0:53:27]}  Qc7 {[%clk 0:54:29]} 10. Na3 {[%clk 0:51:24]}  O-O-O {[%clk 0:53:34]} 11. cxd5 {[%clk 0:49:17]}  exd5 {[%clk 0:53:51]} 12. Rc1 {[%clk 0:47:26]}  Kb8 {[%clk 0:52:46]} 13. Nb5 {[%clk 0:55:53]}  Qa5 {[%clk 0:52:41]} 14. Bc3 {[%clk 0:54:30]}  Bb4 {[%clk 0:45:21]} 15. Bxb4 {[%clk 0:49:58]}  Qxb4 {[%clk 0:49:36]} 16. a3 {[%clk 0:47:15]}  Qa5 {[%clk 0:47:32]} 17. b4 {[%clk 0:50:18]}  Qb6 {[%clk 0:45:53]} 18. Nd4 {[%clk 0:45:17]}  Ne4 {[%clk 0:41:30]} 19. d3 {[%clk 0:40:53]}  Nef6 {[%clk 0:26:33]} 20. Nb3 {[%clk 0:34:13]}  Rc8 {[%clk 0:23:04]} 21. Rb1 {[%clk 0:26:24]}  Qc7 {[%clk 0:20:21]} 22. Nc5 {[%clk 0:20:53]}  Nxc5 {[%clk 0:23:31]} 23. bxc5 {[%clk 0:18:27]}  Qa5+ {[%clk 0:21:02]} 24. Rb4 {[%clk 0:17:13]}  Qxc5 {[%clk 0:19:48]} 25. O-O {[%clk 0:07:10]}  a5 {[%clk 0:15:14]} 26. Rb3 {[%clk 0:06:25]}  d4 {[%clk 0:09:50]} 27. Qb1 {[%clk 0:03:46]}  b5 {[%clk 0:07:06]} 28. Rc1 {[%clk 0:16:50]}  Qg5 {[%clk 0:05:48]} 29. f4 {[%clk 0:12:45]}  Qg3 {[%clk 0:05:17]} 30. Rxb5+ {[%clk 0:13:06]}  Kc7 {[%clk 0:07:19]} 31. Rb7+ {[%clk 0:12:44]}  Kd6 {[%clk 0:06:27]} 32. e4 {[%clk 0:11:30]}  Qe3+ {[%clk 0:04:50]} 33. Kf1 {[%clk 0:11:10]}  Qxf4+ {[%clk 0:03:53]} 34. Bf3 {[%clk 0:10:22]}  Ng4 {[%clk 0:02:45]} 35. Qb2 {[%clk 0:03:41]}  Nh2+ {[%clk 0:02:58]} 36. Kg1 {[%clk 0:03:45]}  Nxf3+ {[%clk 0:03:02]} 37. gxf3 {[%clk 0:03:10]}  Qg3+ {[%clk 0:03:06]} 38. Qg2 {[%clk 0:02:23]}  Qxg2+ {[%clk 0:01:31]} 39. Kxg2 {[%clk 0:02:01]}  f5 {[%clk 0:01:42]} 40. Rxg7 {[%clk 0:04:42]}  Rcg8 {[%clk 0:01:55]} 41. Ra7 {[%clk 0:04:24]}  g5 {[%clk 0:01:01]} 42. e5+ {[%clk 0:03:56]}  Kxe5 {[%clk 0:02:16]} 43. Rxa5+ {[%clk 0:03:56]}  Kf4 {[%clk 0:01:01]} 44. Rcc5 {[%clk 0:03:26]}  Ke3 {[%clk 0:02:25]} 45. Rxf5 {[%clk 0:02:59]}  Rb8 {[%clk 0:02:29]} 46. Rxg5 {[%clk 0:01:41]}  Rb2+ {[%clk 0:02:51]} 47. Kg3 {[%clk 0:02:03]}  Re8 {[%clk 0:02:53]} 48. Rae5+ {[%clk 0:01:54]}  Rxe5 {[%clk 0:03:12]} 49. Rxe5+ {[%clk 0:02:21]}  Kxd3 {[%clk 0:03:33]} 50. f4 {[%clk 0:02:29]}  Rb3 {[%clk 0:03:31]} 51. f5 {[%clk 0:01:40]}  Kc4+ {[%clk 0:03:47]} 52. Kf2 {[%clk 0:01:25]}  d3 {[%clk 0:03:57]} 53. f6 {[%clk 0:00:46]}  d2 {[%clk 0:04:09]} 54. Ke2 {[%clk 0:01:46]}  Rd3 {[%clk 0:04:28]} 55. Kd1 {[%clk 0:02:06]}  Kc3 {[%clk 0:04:21]} 56. Rc5+ {[%clk 0:00:38]}  Kb3 {[%clk 0:03:54]} 57. Rxc6 {[%clk 0:02:36]}  Kxa3 {[%clk 0:03:40]} 58. f7 {[%clk 0:02:40]}  Rf3 {[%clk 0:03:41]} 59. Rc3+ {[%clk 0:02:51]}  Rxc3 {[%clk 0:03:54]} 60. f8=Q+ {[%clk 0:03:17]}  Kb2 {[%clk 0:04:04]} 61. Qb4+ {[%clk 0:03:22]}  Rb3 {[%clk 0:04:25]} 62. Qxd2+ {[%clk 0:02:43]}  Ka3 {[%clk 0:04:06]} 63. Qa5+ {[%clk 0:03:40]}  Kb2 {[%clk 0:04:27]} 64. Qe5+ {[%clk 0:03:48]}  Ka3 {[%clk 0:04:39]} 65. Qc5+ {[%clk 0:04:08]}  Ka4 {[%clk 0:03:47]} 66. h4 {[%clk 0:04:21]}  Rb1+ {[%clk 0:04:07]} 67. Kc2 {[%clk 0:04:37]}  Rb5 {[%clk 0:04:00]} 68. Qxb5+ {[%clk 0:04:43]}  Kxb5 {[%clk 0:04:21]} 69. h5 {[%clk 0:04:03]}  Kc5 {[%clk 0:03:41]} 1-0

[Event "Week's Tournament Elo 1799- (WT1)"]
[Site "Biel, CH"]
[Date "2025.07.25"]
[Round "5"]
[White "Cloete, Willem Francois"]
[Black "Bartlome, Dimitri"]
[Result "1/2-1/2"]
[Board "13"]
[WhiteFideId "14358387"]
[BlackFideId "1355899"]
[WhiteElo "1567"]
[BlackElo "1704"]
[WhiteTeam "RSA"]
[BlackTeam "SUI"]
[WhiteClock "0:16:36"]
[BlackClock "0:08:19"]
[Variant "Standard"]

1. e4 {[%clk 1:00:57]}  c5 {[%clk 1:00:40]} 2. d4 {[%clk 1:01:20]}  cxd4 {[%clk 1:00:40]} 3. c3 {[%clk 1:01:43]}  dxc3 {[%clk 1:00:10]} 4. Nxc3 {[%clk 1:02:06]}  d6 {[%clk 1:00:28]} 5. Nf3 {[%clk 1:02:30]}  Nc6 {[%clk 0:59:40]} 6. Bc4 {[%clk 1:02:51]}  e6 {[%clk 0:59:44]} 7. O-O {[%clk 1:03:10]}  Nf6 {[%clk 0:59:35]} 8. Qe2 {[%clk 1:01:47]}  Be7 {[%clk 0:58:59]} 9. Rd1 {[%clk 1:01:59]}  Qc7 {[%clk 0:58:39]} 10. Nb5 {[%clk 0:59:09]}  Qb8 {[%clk 0:55:10]} 11. e5 {[%clk 0:55:48]}  dxe5 {[%clk 0:48:10]} 12. Nxe5 {[%clk 0:55:41]}  Qxe5 {[%clk 0:47:14]} 13. Qxe5 {[%clk 0:55:36]}  Nxe5 {[%clk 0:47:37]} 14. Nc7+ {[%clk 0:55:00]}  Kf8 {[%clk 0:47:41]} 15. Nxa8 {[%clk 0:55:12]}  Nxc4 {[%clk 0:45:03]} 16. b3 {[%clk 0:52:50]}  Ne5 {[%clk 0:45:38]} 17. Bf4 {[%clk 0:50:31]}  Ng6 {[%clk 0:44:36]} 18. Rac1 {[%clk 0:35:46]}  Bd7 {[%clk 0:33:08]} 19. Rxd7 {[%clk 0:42:17]}  Nxd7 {[%clk 0:33:13]} 20. Rc8+ {[%clk 0:41:26]}  Bd8 {[%clk 0:33:31]} 21. Bd6+ {[%clk 0:39:31]}  Kg8 {[%clk 0:31:58]} 22. Rxd8+ {[%clk 0:40:43]}  Ngf8 {[%clk 0:27:51]} 23. Bxf8 {[%clk 0:37:34]}  Nxf8 {[%clk 0:26:37]} 24. Nc7 {[%clk 0:32:37]}  h5 {[%clk 0:24:58]} 25. Nb5 {[%clk 0:33:51]}  h4 {[%clk 0:17:40]} 26. Rb8 {[%clk 0:27:29]}  Rh5 {[%clk 0:16:00]} 27. Rxb7 {[%clk 0:26:50]}  a6 {[%clk 0:12:14]} 28. Nc7 {[%clk 0:25:11]}  Rc5 {[%clk 0:11:10]} 29. f3 {[%clk 0:23:56]}  Rc2 {[%clk 0:08:14]} 30. a4 {[%clk 0:21:23]}  a5 {[%clk 0:11:50]} 31. Nb5 {[%clk 0:19:46]}  Rc1+ {[%clk 0:12:03]} 32. Kf2 {[%clk 0:20:06]}  Rc2+ {[%clk 0:12:16]} 33. Kg1 {[%clk 0:19:17]}  Rc1+ {[%clk 0:12:10]} 34. Kf2 {[%clk 0:20:22]}  Rc2+ {[%clk 0:12:29]} 35. Kg1 {[%clk 0:16:36]}  Rc1+ {[%clk 0:08:19]} 1/2-1/2

[Event "Week's Tournament Elo 1799- (WT1)"]
[Site "Biel, CH"]
[Date "2025.07.25"]
[Round "5"]
[White "Saxer, Bruno"]
[Black "Martin, Philippe"]
[Result "0-1"]
[Board "14"]
[WhiteFideId "1313657"]
[BlackFideId "1364405"]
[WhiteElo "1674"]
[BlackElo "1584"]
[WhiteTeam "SUI"]
[BlackTeam "SUI"]
[WhiteClock "0:39:19"]
[BlackClock "0:22:17"]
[Variant "Standard"]

1. e4 {[%clk 1:00:46]}  c5 {[%clk 1:00:38]} 2. Nf3 {[%clk 1:01:00]}  Nc6 {[%clk 1:00:53]} 3. c3 {[%clk 1:01:10]}  d6 {[%clk 1:00:51]} 4. d4 {[%clk 1:01:25]}  cxd4 {[%clk 1:01:15]} 5. cxd4 {[%clk 1:01:41]}  e6 {[%clk 1:00:48]} 6. Bd3 {[%clk 1:01:39]}  g6 {[%clk 1:00:10]} 7. O-O {[%clk 1:01:53]}  Bg7 {[%clk 1:00:30]} 8. Re1 {[%clk 1:01:32]}  Nge7 {[%clk 1:00:20]} 9. Be3 {[%clk 1:00:24]}  O-O {[%clk 0:59:41]} 10. Qd2 {[%clk 1:00:16]}  a6 {[%clk 0:59:25]} 11. Nc3 {[%clk 1:00:29]}  b5 {[%clk 0:58:40]} 12. Bh6 {[%clk 1:00:13]}  Re8 {[%clk 0:54:42]} 13. Bxg7 {[%clk 1:00:08]}  Kxg7 {[%clk 0:53:54]} 14. Rac1 {[%clk 1:00:10]}  Bb7 {[%clk 0:50:17]} 15. Ne2 {[%clk 0:59:41]}  Ng8 {[%clk 0:46:39]} 16. Ng3 {[%clk 0:57:22]}  e5 {[%clk 0:46:08]} 17. d5 {[%clk 0:54:33]}  Nce7 {[%clk 0:44:56]} 18. h4 {[%clk 0:54:43]}  Bc8 {[%clk 0:38:22]} 19. h5 {[%clk 0:46:42]}  h6 {[%clk 0:33:01]} 20. hxg6 {[%clk 0:50:06]}  fxg6 {[%clk 0:33:20]} 21. Be2 {[%clk 0:49:09]}  Rf8 {[%clk 0:32:42]} 22. Rc3 {[%clk 0:49:14]}  Nf6 {[%clk 0:31:02]} 23. Rec1 {[%clk 0:49:17]}  Ra7 {[%clk 0:29:18]} 24. Qe3 {[%clk 0:48:40]}  Rd7 {[%clk 0:30:15]} 25. Nh2 {[%clk 0:48:28]}  Bb7 {[%clk 0:29:10]} 26. Ng4 {[%clk 0:47:49]}  Neg8 {[%clk 0:28:28]} 27. Nf1 {[%clk 0:45:47]}  Rdf7 {[%clk 0:27:32]} 28. Nfh2 {[%clk 0:44:11]}  Nh5 {[%clk 0:25:33]} 29. g3 {[%clk 0:43:05]}  Nhf6 {[%clk 0:25:55]} 30. f4 {[%clk 0:42:49]}  Nxg4 {[%clk 0:23:55]} 31. Bxg4 {[%clk 0:42:46]}  Qf6 {[%clk 0:23:02]} 32. Be6 {[%clk 0:41:33]}  exf4 {[%clk 0:22:17]} 33. Qa7 {[%clk 0:39:19]}  fxg3 {[%clk 0:22:17]} 0-1

[Event "Week's Tournament Elo 1799- (WT1)"]
[Site "Biel, CH"]
[Date "2025.07.25"]
[Round "5"]
[White "Vassiliev, Jacob Brandon"]
[Black "Guidi, Elia"]
[Result "1-0"]
[Board "15"]
[WhiteFideId "39950573"]
[BlackFideId "1351931"]
[WhiteElo "1558"]
[BlackElo "1653"]
[WhiteTeam "USA"]
[BlackTeam "SUI"]
[WhiteClock "0:32:19"]
[BlackClock "0:05:22"]
[Variant "Standard"]

1. e4 {[%clk 0:59:06]}  c6 {[%clk 1:00:43]} 2. c4 {[%clk 0:59:03]}  d5 {[%clk 1:01:04]} 3. cxd5 {[%clk 0:58:55]}  cxd5 {[%clk 1:01:26]} 4. Qb3 {[%clk 0:57:51]}  dxe4 {[%clk 1:01:14]} 5. Bc4 {[%clk 0:59:29]}  e6 {[%clk 1:01:14]} 6. Nc3 {[%clk 0:58:30]}  Nf6 {[%clk 1:01:00]} 7. d3 {[%clk 0:59:15]}  exd3 {[%clk 1:01:53]} 8. Bg5 {[%clk 0:59:38]}  Be7 {[%clk 1:00:54]} 9. Rd1 {[%clk 0:59:08]}  Qc7 {[%clk 0:59:24]} 10. Nb5 {[%clk 0:58:33]}  Qe5+ {[%clk 0:56:09]} 11. Be3 {[%clk 0:53:28]}  Nc6 {[%clk 0:54:48]} 12. Nf3 {[%clk 0:57:27]}  Qb8 {[%clk 0:53:43]} 13. Bxd3 {[%clk 0:55:46]}  Bb4+ {[%clk 0:54:16]} 14. Bd2 {[%clk 0:55:01]}  Bxd2+ {[%clk 0:53:58]} 15. Rxd2 {[%clk 0:55:18]}  a6 {[%clk 0:52:41]} 16. Nc3 {[%clk 0:54:12]}  O-O {[%clk 0:52:20]} 17. O-O {[%clk 0:52:53]}  Ne7 {[%clk 0:44:55]} 18. Ne4 {[%clk 0:53:50]}  Ned5 {[%clk 0:42:31]} 19. Rfd1 {[%clk 0:53:09]}  Bd7 {[%clk 0:45:55]} 20. h3 {[%clk 0:50:09]}  Bc6 {[%clk 0:46:09]} 21. Nd4 {[%clk 0:46:08]}  Rc8 {[%clk 0:43:37]} 22. Nxc6 {[%clk 0:44:31]}  Rxc6 {[%clk 0:43:50]} 23. Nxf6+ {[%clk 0:48:49]}  Nxf6 {[%clk 0:43:31]} 24. Be2 {[%clk 0:35:12]}  Qc7 {[%clk 0:41:54]} 25. Bf3 {[%clk 0:34:34]}  Rb6 {[%clk 0:40:34]} 26. Qd3 {[%clk 0:46:31]}  h6 {[%clk 0:38:00]} 27. Be4 {[%clk 0:45:55]}  Nxe4 {[%clk 0:36:49]} 28. Qxe4 {[%clk 0:44:13]}  Rc6 {[%clk 0:36:15]} 29. Rd7 {[%clk 0:43:26]}  Qb6 {[%clk 0:27:43]} 30. Qf4 {[%clk 0:42:28]}  Rf8 {[%clk 0:25:09]} 31. b3 {[%clk 0:40:26]}  Rc2 {[%clk 0:24:44]} 32. a4 {[%clk 0:39:48]}  Qxb3 {[%clk 0:22:46]} 33. Rd8 {[%clk 0:41:32]}  Rc8 {[%clk 0:21:53]} 34. R8d3 {[%clk 0:40:21]}  Qb6 {[%clk 0:25:16]} 35. Rg3 {[%clk 0:38:42]}  Rcd8 {[%clk 0:24:11]} 36. Rc1 {[%clk 0:38:01]}  Rc8 {[%clk 0:24:05]} 37. Re1 {[%clk 0:40:49]}  Qb2 {[%clk 0:24:02]} 38. Qxh6 {[%clk 0:34:36]}  Qc3 {[%clk 0:18:23]} 39. Ree3 {[%clk 0:32:37]}  Qa1+ {[%clk 0:17:31]} 40. Kh2 {[%clk 0:39:29]}  Rc1 {[%clk 0:17:09]} 41. Rxg7+ {[%clk 0:39:09]}  Qxg7 {[%clk 0:18:26]} 42. Rg3 {[%clk 0:39:29]}  Qxg3+ {[%clk 0:18:33]} 43. fxg3 {[%clk 0:39:26]}  Rfc8 {[%clk 0:18:24]} 44. Qg5+ {[%clk 0:39:04]}  Kh7 {[%clk 0:18:33]} 45. h4 {[%clk 0:38:02]}  R8c5 {[%clk 0:17:28]} 46. Qf6 {[%clk 0:36:02]}  Rf5 {[%clk 0:16:20]} 47. Qd4 {[%clk 0:31:58]}  b5 {[%clk 0:13:33]} 48. axb5 {[%clk 0:37:25]}  axb5 {[%clk 0:12:43]} 49. Qd3 {[%clk 0:37:31]}  Kg8 {[%clk 0:13:01]} 50. g4 {[%clk 0:37:21]}  Rd5 {[%clk 0:11:42]} 51. Qe3 {[%clk 0:35:02]}  Rc4 {[%clk 0:11:12]} 52. Qg3 {[%clk 0:32:56]}  b4 {[%clk 0:09:57]} 53. h5 {[%clk 0:32:31]}  Rg5 {[%clk 0:07:34]} 54. Qb8+ {[%clk 0:30:03]}  Kg7 {[%clk 0:05:57]} 55. h6+ {[%clk 0:29:29]}  Kh7 {[%clk 0:06:05]} 56. Qf8 {[%clk 0:33:10]}  Rcxg4 {[%clk 0:06:21]} 57. Qxf7+ {[%clk 0:32:43]}  Kxh6 {[%clk 0:06:39]} 58. Qxe6+ {[%clk 0:33:28]}  Rg6 {[%clk 0:06:49]} 59. Qe3+ {[%clk 0:33:41]}  Kh7 {[%clk 0:05:48]} 60. Qe7+ {[%clk 0:33:33]}  Rg7 {[%clk 0:06:12]} 61. Qe6 {[%clk 0:33:14]}  Rxg2+ {[%clk 0:06:23]} 62. Kh1 {[%clk 0:33:10]}  R2g6 {[%clk 0:06:13]} 63. Qe4 {[%clk 0:31:36]}  b3 {[%clk 0:05:51]} 64. Kh2 {[%clk 0:30:22]}  b2 {[%clk 0:05:21]} 65. Kh3 {[%clk 0:32:27]}  Kh8 {[%clk 0:05:12]} 66. Qe8+ {[%clk 0:31:51]}  Rg8 {[%clk 0:05:06]} 67. Qe5+ {[%clk 0:31:22]}  Kh7 {[%clk 0:05:21]} 68. Qe7+ {[%clk 0:31:52]}  R8g7 {[%clk 0:05:24]} 69. Qe4 {[%clk 0:32:03]}  Kh6 {[%clk 0:05:22]} 70. Qh4# {[%clk 0:32:19]} 1-0

[Event "Week's Tournament Elo 1799- (WT1)"]
[Site "Biel, CH"]
[Date "2025.07.25"]
[Round "5"]
[White "Sadeh, David"]
[Black "Niederberger, Lenny"]
[Result "0-1"]
[Board "18"]
[WhiteFideId "1354973"]
[BlackFideId "1363204"]
[WhiteElo "1520"]
[BlackElo "1714"]
[WhiteTeam "SUI"]
[BlackTeam "SUI"]
[WhiteClock "0:34:52"]
[BlackClock "0:14:57"]
[Variant "Standard"]

1. e4 {[%clk 1:00:30]}  d6 {[%clk 1:00:27]} 2. d4 {[%clk 1:01:11]}  Nf6 {[%clk 1:00:49]} 3. Nc3 {[%clk 1:01:04]}  g6 {[%clk 1:01:05]} 4. Bc4 {[%clk 1:00:52]}  Bg7 {[%clk 1:01:06]} 5. Nf3 {[%clk 1:00:50]}  O-O {[%clk 1:01:17]} 6. O-O {[%clk 0:58:28]}  Nc6 {[%clk 0:59:54]} 7. Be3 {[%clk 1:00:42]}  e5 {[%clk 1:00:07]} 8. dxe5 {[%clk 1:00:40]}  Nxe5 {[%clk 0:59:58]} 9. Nxe5 {[%clk 1:00:54]}  dxe5 {[%clk 1:00:21]} 10. Qc1 {[%clk 0:58:16]}  Qe7 {[%clk 0:59:17]} 11. Bg5 {[%clk 0:58:47]}  c6 {[%clk 0:55:17]} 12. Qe3 {[%clk 0:55:24]}  Be6 {[%clk 0:49:10]} 13. Bxe6 {[%clk 0:53:49]}  Qxe6 {[%clk 0:48:45]} 14. Rad1 {[%clk 0:52:36]}  h6 {[%clk 0:51:26]} 15. Bxf6 {[%clk 0:50:56]}  Qxf6 {[%clk 0:50:24]} 16. Rd2 {[%clk 0:49:01]}  Rfd8 {[%clk 0:46:13]} 17. Rfd1 {[%clk 0:48:20]}  b6 {[%clk 0:41:07]} 18. Qf3 {[%clk 0:45:46]}  Rxd2 {[%clk 0:43:09]} 19. Rxd2 {[%clk 0:45:49]}  Rd8 {[%clk 0:40:16]} 20. Rxd8+ {[%clk 0:45:17]}  Qxd8 {[%clk 0:40:37]} 21. Qh3 {[%clk 0:43:20]}  Qd2 {[%clk 0:38:52]} 22. Qc8+ {[%clk 0:43:36]}  Bf8 {[%clk 0:36:00]} 23. h3 {[%clk 0:32:05]}  Qxc2 {[%clk 0:26:11]} 24. Qxc6 {[%clk 0:27:36]}  Qxb2 {[%clk 0:22:23]} 25. Qc4 {[%clk 0:23:49]}  Qc1+ {[%clk 0:22:09]} 26. Kh2 {[%clk 0:39:59]}  Bc5 {[%clk 0:20:13]} 27. Qb3 {[%clk 0:33:11]}  Bxf2 {[%clk 0:15:22]} 28. Qd1 {[%clk 0:37:33]}  Qxc3 {[%clk 0:13:35]} 29. Qd8+ {[%clk 0:36:39]}  Kg7 {[%clk 0:14:59]} 30. Qe7 {[%clk 0:36:05]}  Qa1 {[%clk 0:14:34]} 31. Qxe5+ {[%clk 0:34:44]}  Qxe5+ {[%clk 0:14:50]} 32. Kh1 {[%clk 0:34:52]}  Qa1+ {[%clk 0:14:12]} 33. Kh2 {[%clk 0:34:52]}  Qg1# {[%clk 0:14:57]} 0-1

[Event "Week's Tournament Elo 1799- (WT1)"]
[Site "Biel, CH"]
[Date "2025.07.25"]
[Round "5"]
[White "Bachvarov, Viktor"]
[Black "Khusainau, Dzmitry"]
[Result "1-0"]
[Board "19"]
[WhiteFideId "1361473"]
[BlackFideId "1367471"]
[WhiteElo "1631"]
[BlackElo "1682"]
[WhiteTeam "SUI"]
[BlackTeam "SUI"]
[WhiteClock "0:37:19"]
[BlackClock "0:47:38"]
[Variant "Standard"]

1. e4 {[%clk 1:00:57]}  c5 {[%clk 0:59:21]} 2. Nf3 {[%clk 1:01:24]}  g6 {[%clk 0:59:41]} 3. d4 {[%clk 1:01:52]}  cxd4 {[%clk 0:59:57]} 4. Nxd4 {[%clk 1:02:20]}  Nf6 {[%clk 1:00:17]} 5. Nc3 {[%clk 1:02:47]}  Nc6 {[%clk 1:00:33]} 6. Be3 {[%clk 1:03:12]}  Bg7 {[%clk 1:00:40]} 7. Bc4 {[%clk 1:03:38]}  Qa5 {[%clk 1:00:54]} 8. O-O {[%clk 1:03:55]}  O-O {[%clk 1:01:15]} 9. h3 {[%clk 1:03:49]}  d6 {[%clk 0:57:42]} 10. Re1 {[%clk 0:58:22]}  Ne5 {[%clk 1:00:42]} 11. Bb3 {[%clk 0:56:25]}  Bd7 {[%clk 0:59:50]} 12. f4 {[%clk 0:50:35]}  Nc6 {[%clk 0:58:16]} 13. Qd2 {[%clk 0:46:09]}  Nxe4 {[%clk 0:51:52]} 14. Nxc6 {[%clk 0:37:44]}  Bxc6 {[%clk 0:47:38]} 15. Nxe4 {[%clk 0:37:19]} 1-0

[Event "Week's Tournament Elo 1799- (WT1)"]
[Site "Biel, CH"]
[Date "2025.07.25"]
[Round "5"]
[White "Pan, Haoquan"]
[Black "Kretschmer, Thomas"]
[Result "1-0"]
[Board "20"]
[WhiteFideId "523003065"]
[BlackFideId "34690883"]
[WhiteElo "1496"]
[BlackElo "1659"]
[WhiteTeam "ESP"]
[BlackTeam "GER"]
[WhiteClock "0:20:39"]
[BlackClock "0:03:08"]
[Variant "Standard"]

1. e4 {[%clk 1:00:59]}  e6 {[%clk 0:57:59]} 2. d3 {[%clk 0:59:49]}  d5 {[%clk 0:55:47]} 3. Be2 {[%clk 0:58:14]}  c5 {[%clk 0:51:58]} 4. f4 {[%clk 0:56:20]}  Nc6 {[%clk 0:48:51]} 5. Nf3 {[%clk 0:54:22]}  Nf6 {[%clk 0:46:26]} 6. e5 {[%clk 0:57:32]}  Nd7 {[%clk 0:48:28]} 7. d4 {[%clk 0:57:11]}  cxd4 {[%clk 0:46:53]} 8. Nxd4 {[%clk 0:56:45]}  Nxd4 {[%clk 0:46:34]} 9. Qxd4 {[%clk 0:56:13]}  Bc5 {[%clk 0:46:37]} 10. Qd3 {[%clk 0:57:59]}  O-O {[%clk 0:46:07]} 11. Be3 {[%clk 0:54:04]}  b6 {[%clk 0:44:55]} 12. Nd2 {[%clk 0:53:55]}  f6 {[%clk 0:42:14]} 13. Nf3 {[%clk 0:52:46]}  fxe5 {[%clk 0:42:06]} 14. fxe5 {[%clk 0:48:56]}  a5 {[%clk 0:41:07]} 15. Ng5 {[%clk 0:34:36]}  g6 {[%clk 0:26:35]} 16. Nxe6 {[%clk 0:53:17]}  Nxe5 {[%clk 0:14:20]} 17. Qc3 {[%clk 0:46:37]}  Bxe6 {[%clk 0:22:53]} 18. Qxe5 {[%clk 0:44:11]}  Bxe3 {[%clk 0:21:16]} 19. Qxe6+ {[%clk 0:38:49]}  Rf7 {[%clk 0:15:43]} 20. Qxe3 {[%clk 0:34:23]}  Qh4+ {[%clk 0:12:54]} 21. g3 {[%clk 0:39:29]}  Qb4+ {[%clk 0:12:21]} 22. Qc3 {[%clk 0:38:17]}  Qe4 {[%clk 0:09:51]} 23. Rg1 {[%clk 0:36:52]}  Raf8 {[%clk 0:01:24]} 24. Qd3 {[%clk 0:34:38]}  Qb4+ {[%clk 0:05:21]} 25. Qc3 {[%clk 0:29:24]}  Qxc3+ {[%clk 0:05:48]} 26. bxc3 {[%clk 0:29:42]}  Rc8 {[%clk 0:05:49]} 27. Kd2 {[%clk 0:29:42]}  Rf2 {[%clk 0:04:31]} 28. h4 {[%clk 0:28:49]}  Re8 {[%clk 0:04:07]} 29. Rae1 {[%clk 0:28:28]}  Re4 {[%clk 0:03:00]} 30. Kd3 {[%clk 0:28:05]}  Ra4 {[%clk 0:05:16]} 31. Ra1 {[%clk 0:29:05]}  Rf7 {[%clk 0:04:02]} 32. Bg4 {[%clk 0:28:50]}  Rxg4 {[%clk 0:05:03]} 33. Rab1 {[%clk 0:27:49]}  Rb7 {[%clk 0:04:46]} 34. Rb5 {[%clk 0:26:25]}  Ra4 {[%clk 0:03:13]} 35. Ra1 {[%clk 0:27:59]}  Kf7 {[%clk 0:03:02]} 36. Rxd5 {[%clk 0:26:36]}  Rc7 {[%clk 0:02:31]} 37. Rd4 {[%clk 0:27:40]}  Ra3 {[%clk 0:01:10]} 38. Rf4+ {[%clk 0:27:04]}  Kg7 {[%clk 0:04:11]} 39. Rc4 {[%clk 0:25:40]}  Rd7+ {[%clk 0:01:04]} 40. Ke3 {[%clk 0:24:40]}  Re7+ {[%clk 0:03:01]} 41. Kd3 {[%clk 0:24:08]}  Rf7 {[%clk 0:02:54]} 42. Rf4 {[%clk 0:21:18]}  Rxf4 {[%clk 0:03:15]} 43. gxf4 {[%clk 0:21:10]}  Kf6 {[%clk 0:00:45]} 44. Rb1 {[%clk 0:19:45]}  Rxa2 {[%clk 0:03:47]} 45. Rxb6+ {[%clk 0:20:10]}  Kf5 {[%clk 0:04:04]} 46. c4 {[%clk 0:19:52]}  Kxf4 {[%clk 0:03:41]} 47. c5 {[%clk 0:20:43]}  Ke5 {[%clk 0:02:11]} 48. Rd6 {[%clk 0:20:06]}  Ra4 {[%clk 0:01:23]} 49. Rd8 {[%clk 0:19:26]}  Rxh4 {[%clk 0:03:04]} 50. c6 {[%clk 0:19:32]}  a4 {[%clk 0:03:14]} 51. c7 {[%clk 0:19:52]}  a3 {[%clk 0:03:16]} 52. c8=Q {[%clk 0:20:10]}  Ra4 {[%clk 0:03:13]} 53. Rd5+ {[%clk 0:20:15]}  Kxd5 {[%clk 0:03:08]} 54. Qd7+ {[%clk 0:20:39]} 1-0

[Event "Week's Tournament Elo 1799- (WT1)"]
[Site "Biel, CH"]
[Date "2025.07.25"]
[Round "5"]
[White "Zhang, Zichen"]
[Black "Robert-Grandpierre, Christian"]
[Result "0-1"]
[Board "26"]
[WhiteFideId "1359584"]
[BlackFideId "1357913"]
[WhiteElo "1587"]
[BlackElo "1543"]
[WhiteTeam "SUI"]
[BlackTeam "SUI"]
[WhiteClock "0:37:17"]
[BlackClock "0:09:00"]
[Variant "Standard"]

1. e4 {[%clk 1:00:59]}  d6 {[%clk 1:00:48]} 2. d4 {[%clk 1:01:16]}  Nf6 {[%clk 1:01:02]} 3. Nc3 {[%clk 1:01:35]}  g6 {[%clk 1:01:21]} 4. Bc4 {[%clk 1:01:29]}  Bg7 {[%clk 1:01:35]} 5. Nf3 {[%clk 1:01:54]}  O-O {[%clk 1:01:47]} 6. Be3 {[%clk 1:01:09]}  c6 {[%clk 1:01:22]} 7. Qd2 {[%clk 0:58:11]}  Qa5 {[%clk 0:58:19]} 8. O-O-O {[%clk 1:00:33]}  b5 {[%clk 0:55:40]} 9. Bb3 {[%clk 0:59:54]}  b4 {[%clk 0:53:35]} 10. Ne2 {[%clk 1:00:09]}  Nxe4 {[%clk 0:52:30]} 11. Qd3 {[%clk 1:00:01]}  Nf6 {[%clk 0:51:02]} 12. Ng3 {[%clk 0:54:41]}  Qc7 {[%clk 0:49:17]} 13. Bd2 {[%clk 0:53:33]}  a5 {[%clk 0:49:25]} 14. h4 {[%clk 0:49:55]}  h5 {[%clk 0:43:02]} 15. Qxg6 {[%clk 0:48:19]}  d5 {[%clk 0:42:41]} 16. Qd3 {[%clk 0:52:06]}  a4 {[%clk 0:42:00]} 17. Bxb4 {[%clk 0:48:45]}  axb3 {[%clk 0:41:24]} 18. Qxb3 {[%clk 0:44:23]}  Bg4 {[%clk 0:36:23]} 19. a3 {[%clk 0:46:48]}  Re8 {[%clk 0:36:00]} 20. Rde1 {[%clk 0:38:19]}  Na6 {[%clk 0:29:52]} 21. Bd2 {[%clk 0:36:22]}  c5 {[%clk 0:27:41]} 22. dxc5 {[%clk 0:33:24]}  Nxc5 {[%clk 0:25:33]} 23. Qc3 {[%clk 0:43:44]}  Nfe4 {[%clk 0:20:19]} 24. Qe3 {[%clk 0:42:18]}  Qb7 {[%clk 0:17:10]} 25. Nxe4 {[%clk 0:41:50]}  Qxb2+ {[%clk 0:15:41]} 26. Kd1 {[%clk 0:41:01]}  Nxe4 {[%clk 0:14:52]} 27. Bc1 {[%clk 0:41:32]}  Qc3 {[%clk 0:11:18]} 28. Qxc3 {[%clk 0:41:00]}  Nxc3+ {[%clk 0:11:42]} 29. Kd2 {[%clk 0:41:17]}  Ne4+ {[%clk 0:11:57]} 30. Ke3 {[%clk 0:41:22]}  Bc3 {[%clk 0:10:42]} 31. Rd1 {[%clk 0:41:36]}  e6 {[%clk 0:08:30]} 32. Kd3 {[%clk 0:39:50]}  Rec8 {[%clk 0:10:23]} 33. Rdf1 {[%clk 0:39:35]}  Bf6 {[%clk 0:09:40]} 34. g3 {[%clk 0:38:56]}  Bxf3 {[%clk 0:09:42]} 35. Rhg1 {[%clk 0:38:59]}  Be7 {[%clk 0:09:18]} 36. Bb2 {[%clk 0:38:55]}  Bxa3 {[%clk 0:09:06]} 37. Bxa3 {[%clk 0:39:13]}  Rxa3+ {[%clk 0:07:56]} 38. Kd4 {[%clk 0:37:17]}  Kg7 {[%clk 0:09:00]} 0-1